000
00236nam a22001217a 4500
020
_a
0-7802-4594-6
082
_a
001
_b
CON/A
245
_a
ASTRONAUTS
260
_a
NEW ZEALAND
_b
WRIGHT GROUP
300
_a
15
650
_a
GK
942
_c
BK
999
_c
6691
_d
6691